LEADER 01656nas 2200481-a 450 001 9910374756603321 005 20260218110351.0 011 $a2736-8246 035 $a(DE-599)ZDB3044860-8 035 $a(CKB)110978978552647 035 $a(CONSER)---74642682- 035 $a(DE-599)3044860-8 035 $a(EXLCZ)99110978978552647 100 $a20791108b19222019 --- b 101 0 $aswe 181 $ctxt$2rdacontent 182 $cc$2rdamedia 183 $acr$2rdacarrier 200 00$aBudkavlen 210 $aÅbo [Finland] $cÅbo akademi 215 $a1 online resource 300 $aRefereed/Peer-reviewed 311 08$aPrint version: Budkavlen. 0302-2447 (DLC) 74642682 (OCoLC)5665643 531 0 $aBudkavlen 606 $aFolklore$zScandinavia$vPeriodicals 606 $aFolklore$2fast$3(OCoLC)fst00930306 606 $aManners and customs$2fast$3(OCoLC)fst01007815 607 $aScandinavia$xSocial life and customs$vPeriodicals 607 $aScandinavia$2fast$1https://id.oclc.org/worldcat/entity/E39PBJpPCGQRXGcPmdjv6cCRKd 608 $aPeriodicals.$2fast 615 0$aFolklore 615 7$aFolklore. 615 7$aManners and customs. 712 02$aFo?reningen Brage.$bSektion fo?r folklivsforskning, 712 02$aA?bo akademi (1918- ).$bInstitutet fo?r nordisk etnologi, 712 02$aSvenska litteratursa?llskapet i Finland, 712 02$aA?bo akademi (1918- ).$bEtnologiska institutionen, 712 02$aA?bo akademi (1918- ).$bFolkloristiska institutionen, 906 $aJOURNAL 912 $a9910374756603321 920 $aexl_impl conversion 996 $aBudkavlen$91901790 997 $aUNINA